Wiedza o scenie e-sportowej CS:GO2 - Statystyki

Ogólne statystyki
  • Ten quiz został rozwiązany 125 razy
  • Średni wynik to 4 z 6
Statystyki odpowiedzi
Zagadnienie Odpowiedź % Poprawnych
Który z tych graczy jest Polakiem snatchie
100%
Który z nich jest Szwedem friberg
80%
Od jakiego profesjonalnego gracza jest zwrot "Full Control" pashaBiceps
80%
Która z tych Polskich drużyn jest najwyżej w HLTV AGO
40%
Kto jest liderem w PLE (Polskiej Lidze Esportowej) 25.03.2021 DR Pepper Team
40%
Jaką rolę aktualnie pełni Snax w Anonymo Sniper
20%
Nie znaleziono quizów pasujących do podanych kryteriów
Rozkład punktacji
Procent ludzi z każdym wynikiem
Percentyl według liczby udzielonych odpowiedzi
Twoja historia wyników
Nie rozwiązałeś tego quizu